| 000 | 02077cam a2200361 a 4500 | ||
|---|---|---|---|
| 999 |
_c8047 _d8047 |
||
| 001 | 15709685 | ||
| 003 | OSt | ||
| 005 | 20191224104006.0 | ||
| 008 | 090423s2009 enka b 001 0 eng | ||
| 010 | _a 2009017030 | ||
| 020 | _a9780199234783 | ||
| 020 | _a9780199597055 | ||
| 035 | _a(OCoLC)ocn272558936 | ||
| 040 |
_aDLC _cDLC _dBTCTA _dBWKUK _dBWK _dNLGGC _dDLC |
||
| 050 | 0 | 0 |
_aHJ141 _b.C84 2009 |
| 082 | 0 | 0 |
_a336 _222 _bCUL/P |
| 084 |
_a83.52 _2bcl |
||
| 100 | 1 |
_aCullis, John G. _9714 |
|
| 245 | 1 | 0 |
_aPublic finance and public choice : _banalytical perspectives / _cJohn Cullis and Philip Jones. |
| 246 | 1 | 4 | _aPublic finance & public choice |
| 250 | _a3rd ed. | ||
| 260 |
_aOxford ; _aNew York : _bOxford University Press, _c2009. |
||
| 300 |
_axxvii, 531 p. : _bill. ; _c25 cm. |
||
| 504 | _aIncludes bibliographical references and indexes. | ||
| 505 | 0 | _aMarket performance : possibilities and prescriptions -- Externalities -- Public goods -- Collective decision-making : searching for the "public interest" -- Rent-seeking, public provision and the "return to the market" -- Evaluation of public expenditure : cost--benefit analysis -- Tax theory : the basic concepts -- Tax evasion and the black economy -- Income (re)distribution -- Central government -- Public choice aspects of macroeconomic policies -- Fiscal federalism -- International issues in public finance -- Public sector failure and public expenditure growth -- Optimal taxation -- Towards a "new" public finance economics : experiments, behaviour, neuro-imaging and "individual failure". | |
| 650 | 0 | _aFinance, Public. | |
| 650 | 0 | _aSocial choice. | |
| 700 | 1 |
_aJones, Philip R., _d1948- _9715 |
|
| 856 | 4 | 2 |
_3Publisher description _uhttp://www.loc.gov/catdir/enhancements/fy1001/2009017030-d.html |
| 906 |
_a7 _bcbc _corignew _d1 _eecip _f20 _gy-gencatlg |
||
| 942 |
_2ddc _cBK _h336 _iCUL/P _k336 _mCUL/P |
||